000 00907nam a22003017a 4500
001 7111
003 FISKH
005 20250624084717.0
008 250624b cb ||||| |||| 00| 0 eng d
020 _a9780395259375
040 _aFISKH
_beng
_cFISKH
_dFISKH
050 _a PZ7.R3302 C
082 _a813.52
100 _aRey, Margret
245 _aCurious George flies a kite /
_cBy Rey, Margret : Pictures by H.A.Rey
260 _aBoston :
_bHoughton Mufflin Company ,
_c1958.
300 _a80 pages :
_bcolor illustrations ;
_c23 cm .
490 _aCurious George
_vBook 5
505 _aK
520 _aA little monkey needs to be rescued when he tries to fly a kite.
521 8 _a510
_bLexile
521 8 _aK
_bRaz-Plus
650 _aCurious George
_vJuvenile Fiction
650 _aMonkeys
_vJuvenile Fiction
700 _aRey, H.A.
942 _2ddc
_cBK
_n0
999 _c7111
_d7111